| 000 | 00719cam a2200193 4500 | ||
|---|---|---|---|
| 001 | ABS61213 | ||
| 008 | 000000n 000 0 eng u | ||
| 035 | _a(Sirsi) u101810 | ||
| 100 | _aMynors, C. | ||
| 245 | _aScheduled monuments. | ||
| 490 |
_aContext _v(63) September 1999, 28-29(2) |
||
| 520 | _aDiscusses R v Bovis Construction Ltd which considered the precise extent to which scheduled monument consent covered an archaeological site. It was held that within the area defined, the complete area was covered, not only the actual remains. | ||
| 650 | _aR V BOVIS CONSTRUCTION | ||
| 650 | _aARCHAEOLOGICAL SITES | ||
| 650 | _aANCIENT MONUMENTS | ||
| 650 | _aSCHEDULING | ||
| 690 | _aCONSERVATION | ||
| 942 | _n0 | ||
| 999 |
_c60923 _d60923 |
||